Quizzes
Events
Quiz Creation
Community
Videos
Private Events
Remove Ads
Sign In
Join for FREE
Feedback
Dark Mode
Quiz Categories
Sports
Geography
Music
Movies
Television
Just For Fun
Miscellaneous
History
Literature
Language
Science
Gaming
Entertainment
Religion
Holiday
For Kids
Quiz Lab
Recent
Popular Today
Quiz Kudos Today
Editor Picks
Curator Picks
Quizzes by...
Day
Popularity
Type
Ratings
Length
Year
Community
Subscriptions
Recent Discussions
Orange Saloon
Badges
Playlists
Quests
Create
Leaderboards
Showdown
Live 5
Trivia Bingo
Activity
Puzzle Library
Sporcle Events
Private Events
Virtual Trivia
Globe League
Become a Host
Pub Owners
SporcleCon
Opinionation
Our Games
Videos
Blog
Mobile Apps
Partnerships
Remove Ads and Go Orange
Feedback
Movies
Disney
Marvel Cinematic Universe
Movie Resume
Movie Titles
Oscar
Actor
Actress
Director
Pixar
Role
Movie Quotes
Movie Characters
Box Office
Nominee
Best Picture
Star Wars
James Bond
Horror Movies
Movies
Disney
Marvel Cinematic Universe
Movie Resume
Movie Titles
Oscar
Actor
Actress
Director
Pixar
Role
Movie Quotes
Movie Characters
Box Office
Nominee
Best Picture
Star Wars
James Bond
Horror Movies
Random Quiz
Search Sporcle
×
Quiz Lab
Quiz Lab
Movies
Movie Scenes
Type in answers that appear in a list
Type in answers that appear in a list
Classic
Best Score? Go Orange.
Don Corleone's Monologue Stats
Can you name the Don Corleone's Monologue?
By
gdunn
7m
157 Questions
802 Plays
802 Plays
802 Plays
Comments
Comments
Give Quiz Kudos
Give Quiz Kudos
-
- Ratings
hide this ad
More Info
Replay
Link that replays current quiz
Next Quiz
Link to next quiz in quiz playlist
You Got
0%
They Got
Avg Score
64%
Avg Friend Score
Upgrade to see
Score Distribution
Jump to the score distribution portion of the page
Score
0/157
Timer
07:00
0
Plays Today
% Correct
the
95%
a
95%
And
95%
the
95%
a
95%
a
95%
the
95%
and
95%
the
95%
the
95%
the
95%
I
91.3%
I
91.3%
I
91.3%
I
91.3%
I
91.3%
I
91.3%
You
87.9%
you
87.9%
to
85.8%
to
85.8%
to
85.8%
to
85.8%
to
85.8%
to
85.8%
to
85.8%
to
85.8%
my
84.5%
my
84.5%
My
84.5%
my
84.5%
So
84%
of
81.8%
of
81.8%
of
81.8%
of
81.8%
of
81.8%
of
81.8%
me?
81.3%
me
81.3%
be
78.6%
be
77.8%
son
77.1%
son.
77.1%
son
77.1%
he
76.9%
he
76.9%
this
75.3%
this
75.3%
this
75.3%
not
72.7%
not
72.7%
have
72.3%
% Correct
have
72.3%
have
72.3%
in
71.8%
in
71.8%
in
71.8%
your
71.6%
on
71.1%
we
70.4%
do
69.5%
or
69.2%
him
69.2%
him,
69.2%
or
69.2%
or
69.2%
that
69.1%
that
69.1%
that
69.1%
that
69.1%
will
68.3%
if
68.2%
if
68.2%
if
68.2%
if
68.2%
Is
68.1%
bring
66.2%
bring
66.2%
back
66.1%
back
66.1%
boy
62.5%
going
60.3%
going
60.3%
But
60%
But,
60%
But
60%
some
59.7%
some
59.7%
should
59.6%
should
59.6%
should
59.6%
here
59.4%
here
59.4%
by
58.4%
by
58.4%
one
58.1%
man.
58%
peace
57.4%
was
56.5%
I'm
56.4%
I'm
56.4%
break
55.7%
people
54.2%
room
54.2%
today.
53.7%
% Correct
youngest
53.6%
shot
52.9%
then
52.2%
forgive.
51.6%
business.
51.5%
talk
50.9%
because
50.6%
vengeance.
50.4%
vengeance
50.4%
vengeance
50.4%
lightning
50.2%
made
50.2%
country
50.1%
head
49.8%
make
49.3%
his
49.3%
blame
49%
about
48.8%
swear,
48.5%
bolt
48.4%
struck
48.1%
now
48%
all
48%
police
47.8%
leave
46.6%
grandchildren,
46.4%
cell,
45.6%
hang
45.1%
souls
45.1%
befall
45%
jail
44.3%
himself
43.8%
forced
43.5%
accident
43.4%
reasons.
43.4%
officer,
43.3%
selfish
42.1%
superstitious
41%
forgo
40.1%
Sollozzo
38.7%
say
38.3%
arrangements
37.7%
these
36.4%
he's
34.2%
false
32.7%
charges.
32.7%
aside,
31.7%
let
30.3%
cleared
27.4%
safely,
27.3%
unlucky
22.2%
Quiz Playlist
Details
Report
Send in Message
Add To Playlist
More Info:
Don Corleone's speech to the families promising peace.
Classic:
Type in answers that appear in a list
Quiz Source
Last Updated: Feb 16, 2017
Quiz Scoreboard
CHALLENGE
Sign Up to Join the Scoreboard
Show All
Scores
Hide
Comments
May contain spoilers
Recently Published
Popular People in 1961
by mucciniale
History
6m
1-10 Letter E Words III
by El_Dandy
Language
2m
One Thing in Common: World Cities II
by knightlancer
Geography
7m
More to Explore
Quiz From the Vault
Featured Blog Post
Where Did the Easter Bunny Come From?
hide this ad
You Might Also Like...
Tags
brando
don
Godfather
marlon
Marlon Brando
monologue
Movie Scenes
The Godfather
Today's Top Quizzes in Movies
Browse Movies
hide this ad
Today's Top Quizzes in Movie Scenes
Browse Movie Scenes
Top Contributed Quizzes in Movies
1
Multi-Oscar Nominations, One Movie, One Winner
2
12 Movies about Fictional 1960s Events
3
One Thing in Common: Movies
4
Three Word 'T' Movies Match Up
5
Sunday Crossword: Film Score Composers
6
One Thing in Common: Movies II
7
Three Word 'H' Movies Match Up
8
Three Word 'M' Movies Match Up
9
One Thing in Common: Oscars
10
Three Word 'P' Movies Match Up
Explore More
Trending Topics
Anime
Harry Potter
Crossword
Kpop
Disney
NBA
Marvel
The Office
NFL
WWE
Soccer
Pokémon
Country
Song
Puzzle
hide this ad
More By:
gdunn
Quiz
Plays
Rating
Category
Featured
Created
Don Corleone's Monologue
802
4.33
Movies
Mar 6, 2012
Go to Creator's Profile
Score Distribution
Quiz Creator Spotlight
gdunn
Follow
Send a Message
Quizzes Created
-
Created Quiz Play Count
-
More By This Creator
Popular Quizzes Today
1
Find the US States - No Outlines Minefield
2
The Countries of the World
3
Find the Countries of Europe - No Outlines Minefield
4
Popular People in 1961
5
1-10 Letter E Words III
6
Find the US States
7
One Thing in Common: World Cities II
8
US States
More Movies Quizzes
Word Ladder: Admiral Ackbar's Exclamation
Quiz Lab
Trending Quizzes
Risky Map Clicking: Least Populous States A-Z
1-10 Letter F Words
1-10 Letter G Words
One Thing in Common: United Kingdom
Risky Map Clicking: Next State Alphabetically
Recently Updated
Leaping Animals
pecheneg
Reality TV Shows (A-Z)
bhenderson79
Rickey Henderson's Hall of Fame Teammates
pecheneg
Champions League XIs: Arsenal
pecheneg
Quick Pick: Celebrities in WWE's Hall of Fame
aduchscher
A-Z Keypad Blitz II
pecheneg
Multiple Oscar Actors
pecheneg
Mystery Phrase Blitz: Oscar 'Best Actors'
pecheneg
F. Scott Fitzgerald Novels
LTH
Pick 3 Villains
ddd62291
Trending Topics
Harry Potter
Disney
Marvel
NBA
Crossword
Kpop
Anime
The Office
Soccer
Puzzle
NFL
Country
WWE
Song
Pokémon
Your Account Isn't Verified!
In order to create a playlist on Sporcle, you need to verify the email address you used during registration. Go to your
Sporcle Settings
to finish the process.
Report this User
Report this user for behavior that violates our
Community Guidelines
.
Details:
Send Report
Go to the Sporcle.com Mobile Site →
Comments